Statistics for Recognize tennis player - WTA (photo)

Click here to take the quiz!

General Stats

  • This quiz has been taken 16 times
  • The average score is 11 of 15

Answer Stats

Answer % Correct
Victoria Azarenka
100%
Petra Kvitova
100%
Venus Williams
100%
Maria Sharapova
100%
Jelena Ostapenko
93%
Agnieszka Radwanska
86%
Aryna Sabalenka
79%
Svetlana Kuznetsova
71%
Eugenie Bouchard
71%
Samantha Stosur
64%
Sabine Lisicki
64%
Iga Świątek
57%
Amanda Anisimova
57%
Ekaterina Makarova
50%
Aleksandra Krunić
36%

Score Distribution

Percentile by Number Answered

Percent of People with Each Score

Your Score History

You have not taken this quiz